000 00287nam a22001337a 4500
008 170315b xxu||||| |||| 00| 0 eng d
020 _a081380441/8
041 _aeng
080 _26TH
_a591
100 _a7
101 _ashm
245 _aDISEASES OF SWINE
_cLEMAN, A.D
942 _2udc
_cBK
999 _c7794
_d7794